000 00650cam a2200217 4500500
005 20260405001716.0
041 _afre
042 _adc
100 1 0 _aTenaillon, Nicolas
_eauthor
245 0 0 _aLe Parlement des invisibles
260 _c2014.
500 _a39
690 _aCatherine Portevin
690 _aDémocratie
690 _aParlement des invisibles
690 _aPierre Rosanvallon
690 _aReprésentation
690 _aVies
786 0 _nPhilosophie magazine | 76 | 2 | 2014-02-01 | p. 50-50 | 1951-1787
856 4 1 _uhttps://shs.cairn.info/magazine-philosophie-magazine-2014-2-page-50?lang=fr&redirect-ssocas=7080
999 _c2050240
_d2050240